Disciplina y desacato: construcción de identidad en Chile. Siglos XIX y XX

Guardat en:
Dades bibliogràfiques
Autors principals: Antezana Pernet, Corinne (Autor), Brito Peña, Alejandra (Autor), Godoy Catalán, Lorena (Autor), Hutchison, Elizabeth Quay (Autor), Klubock, Thomas (Autor), Rosemblatt, Karin (Autor), Tinsman, Heidi (Autor), Zárate Campos, María Soledad (Autor)
Format: Llibre
Idioma:espanyol
Publicat: Santiago Ediciones Sur 1995
Col·lecció:Colección Investigadores jóvenes
Matèries:
Etiquetes: Afegir etiqueta
Sense etiquetes, Sigues el primer a etiquetar aquest registre!

MARC

LEADER 00000nam a2200000 a 4500
001 UCU0830
003 CL-VaPUC
008 960329e19950000CL |||||||||||||||||spa|d
082 0 4 |a 305.4  |b ANT  |2 21 
100 0 |a Antezana Pernet, Corinne  |e author  |9 356250 
700 0 |a Brito Peña, Alejandra  |e author  |9 356251 
700 0 |a Godoy Catalán, Lorena  |e author  |9 356252 
700 |a Hutchison, Elizabeth Quay  |e author  |9 501205 
700 0 |a Klubock, Thomas  |e author  |9 356254 
700 0 |a Rosemblatt, Karin  |e author  |9 356255 
700 0 |a Tinsman, Heidi  |e author  |9 356256 
700 0 |a Zárate Campos, María Soledad  |e author  |9 356257 
245 1 0 |a Disciplina y desacato: construcción de identidad en Chile. Siglos XIX y XX 
300 |a 329 p 
942 |c BK 
945 |d 19960329 00:00:00  |a mcarcey 
260 |a Santiago  |b Ediciones Sur  |c 1995 
650 0 |a Mujeres  |9 257649 
650 0 |a Cambio social   |9 256857 
650 0 |a Feminismo  |9 259085 
650 0 |a Derechos de la mujer  |9 257074 
650 7 |a EDUCACION DE LA MUJER  |2 CL-VaPUC  |9 307884 
650 0 |a Empleo de la mujer  |9 356258 
583 |a last modification  |c 19960329 00:00:00  |k Rodrigo Vera 
490 0 |a Colección Investigadores jóvenes 
999 |c 245618  |d 245616 
952 |0 0  |1 0  |4 0  |6 305_400000000000000_ANT_1995  |7 0  |8 A  |9 260183  |a BIBGIM  |b BIBGIM  |d 2019-11-19  |i 3186210  |o 305.4 ANT 1995  |p 3186210  |r 2025-01-15  |w 2019-11-19  |y BK  |k SSL